| 000 | 00379 a2200121 4500 | ||
|---|---|---|---|
| 001 | ART_14771 | ||
| 005 | 20260410161613.0 | ||
| 008 | 260409a | ||
| 245 | 1 | 0 | _aLos laboratorios online de liderazgo |
| 100 | 1 | _aMalone, Thomas W. | |
| 700 | 1 | _aReeves, Byron | |
| 773 | 0 |
_tHarvard Business Review _gLos líderes del mañana - Vol. 86, Nº 5 (may. 2008) _wREV340 |
|
| 999 |
_c10865 _d10865 |
||